Ten Šarišski zamek

Bibliographic Details
Corporate Authors: Ľudová hudba Miroslava Dudíka (uci), Povoja (folklórna skupina) (uci)
Other Authors: Andraščík, Jozef (roz)
Format: Book
Language:Slovak
PhysicalDescription:1 kompaktná platňa (57 min. 55 sek.) stereo
Published: Bratislava Diskant 2001
Subjects:

MARC

LEADER 00000nam a2200000 a 4500
001 vtls001440750
003 SK-MaSNL
005 20260301013538.0
008 130607s2001 xo 0 slo
015 |a SNBJ2002/03-01472 
035 |a SNK000395929 
040 |a SNK  |b slo  |c SNK  |e AACR2 
044 |a xo  |c SK 
080 |a 785.14:784.4(086.7)  |2 1981 
245 1 |a Ten Šarišski zamek  |h zvukový dokument 
260 |a Bratislava  |b Diskant  |c 2001 
300 |a 1 kompaktná platňa (57 min. 55 sek.)  |b stereo 
505 0 |a Obsahuje 19 piesní 
511 |a Spieva Jozef Andraščík 
511 |a Hrá Ľudová hudba Miroslava Dudíka 
511 |a Spoluúčinkuje spevácka skupina Povoja 
650 0 7 |a ľudová hudba  |x piesne ľudové  |x platne komapktné  |2 SNK  |9 300436 
650 0 7 |a piesne ľudové  |x platne komapktné  |2 SNK  |9 300437 
655 7 |a kompaktné platne  |2 SNK  |9 70690 
700 1 |a Andraščík, Jozef  |4 roz  |9 57376 
710 0 |a Ľudová hudba Miroslava Dudíka  |4 uci  |9 32985 
710 0 |a Povoja (folklórna skupina)  |4 uci  |9 167879 
999 |c 556366  |d 558296 
952 |t P60, <03>, [BOOK], {603}  |a SNK  |b SNK  |y PREZ  |7 0  |p 17A0356138  |o snkSCD 1323  |i snkJK 571/2002  |0 0  |1 0  |4 0  |d 2002-09-11  |l 0  |r 2005-01-02 00:00:00  |w 2026-02-23